Get the Picture: Nobel Prize Categories Quiz Stats

 Plays Quiz not verified by Sporcle

Score 0/18 Timer 02:00
0 Plays Today
Question Answer Wrong Answers
Marie Curie Nobel Prize in Physics
88.8%
Nobel Prize in Literature
3.7%
Nobel Peace Prize
2.3%
Niels Bohr Nobel Prize in Physics
86.6%
Nobel Prize in Literature
4.5%
Nobel Peace Prize
2.7%
Erwin Schrödinger Nobel Prize in Physics
83.9%
Nobel Prize in Literature
6.6%
Nobel Peace Prize
3.7%
Werner Heisenberg Nobel Prize in Physics
82.8%
Nobel Prize in Literature
6.8%
Nobel Peace Prize
3.9%
Guglielmo Marconi Nobel Prize in Physics
76.4%
Nobel Prize in Literature
9.9%
Nobel Peace Prize
7%
Wilhelm Conrad Röntgen Nobel Prize in Physics
75.8%
Nobel Prize in Literature
13.2%
Nobel Peace Prize
5.2%
Malala Yousafzai Nobel Peace Prize
75.6%
Nobel Prize in Literature
11.4%
Nobel Prize in Physics
7.2%
Pearl S. Buck Nobel Prize in Literature
73.3%
Nobel Prize in Physics
8.3%
Nobel Peace Prize
12.8%
Bob Dylan Nobel Prize in Literature
69.8%
Nobel Prize in Physics
3.9%
Nobel Peace Prize
19.8%
Lech Wałęsa Nobel Peace Prize
66.1%
Nobel Prize in Literature
17.8%
Nobel Prize in Physics
11%
Boris Pasternak Nobel Prize in Literature
59.1%
Nobel Prize in Physics
27.3%
Nobel Peace Prize
8.1%
Nadine Gordimer Nobel Prize in Literature
57%
Nobel Prize in Physics
16.9%
Nobel Peace Prize
19.6%
Liu Xiaobo Nobel Peace Prize
50.2%
Nobel Prize in Literature
26%
Nobel Prize in Physics
18.2%
Tenzin Gyatso Nobel Peace Prize
46.9%
Nobel Prize in Literature
27.7%
Nobel Prize in Physics
18.8%
Rigoberta Menchú Nobel Peace Prize
45.9%
Nobel Prize in Literature
28.9%
Nobel Prize in Physics
18.2%
Wole Soyinka Nobel Prize in Literature
44.2%
Nobel Prize in Physics
19.4%
Nobel Peace Prize
30%
Elie Wiesel Nobel Peace Prize
39.7%
Nobel Prize in Literature
39.1%
Nobel Prize in Physics
14.5%
Winston Churchill Nobel Prize in Literature
34.1%
Nobel Prize in Physics
1.7%
Nobel Peace Prize
58.3%

You're not logged in!

Compare scores with friends on all Sporcle quizzes.
OR
Log In

Show Comments

Extras

Top Quizzes Today


Score Distribution

Your Account Isn't Verified!

In order to create a playlist on Sporcle, you need to verify the email address you used during registration. Go to your Sporcle Settings to finish the process.

Report this User

Report this user for behavior that violates our Community Guidelines.

Details: